000 00376nam a2200157Ia 4500
008 230711s9999||||xx |||||||||||||| ||und||
020 _a81-902161-1-2
041 _aENG
082 _a800
_bKU-B
100 _akumar,Ashok
245 0 _aBhagavad Gita's 6th dimension
260 _c2000
_aNoida
_bThe Latent Light Culture
300 _a184
650 _aLiterature
942 _cBK
999 _c5225
_d5225